000 01270naa a22003017a 4500
001 BR7804838
003 BR-BrBNA
005 20250714162942.0
007 ta
008 250630b bl.|||m| |||| 00| 0 por d
040 _aBR-BrBNA
_bpor
_cBiblioteca Nacional de Agricultura
041 _a(Pt)
072 _aE50
_b/G514
090 _aE50 BR7804838
100 1 _aMadeira, J.L.
111 1 _a2. Encontro Inter-Regional de Cientistas Sociais do Brasil
_cMaceio, AL (Brazil)
_d9 Jul 1975
245 1 _aAlguns aspectos dos problemas de populacao e a contribuicao do Centro Brasileiro de Estudos Demograficos nos seus primeiros oito anos de existencia [Sociologia rural]
500 _aAnais do 2. Encontro Inter-Regional de Cientistas Sociais do Brasil Recife, PE (Brasil): 1978. p. 3-12 (BR7804838-AMS)
773 0 _tAnais do 2. Encontro Inter-Regional de Cientistas Sociais do Brasil
_wE50 BR7804838
_gRecife, PE (Brasil), 1978. p. 3-12
650 _aSociologia rural
650 _aDemografia
650 _aTaxa de crescimento
650 _aMigracao rural
650 _aPesquisa social
490 _aSerie Cursos e Conferencias - Instituto Joaquim Nabuco de Pesquisas Sociais (Brazil)
_vno. 5
942 _cAMS
_2AGRIS
909 _a202506
_bLúcia
_c55
_dLúcia Elande
999 _c333093
_d333093